Waveform Design for 5G and beyond Systems (Record no. 14466)

MARC details
000 -LEADER
fixed length control field 00994nam a2200133Ia 4500
008 - FIXED-LENGTH DATA ELEMENTS--GENERAL INFORMATION
fixed length control field 220615s9999||||xx |||||||||||||| ||und||
020 ## - INTERNATIONAL STANDARD BOOK NUMBER
International Standard Book Number 9783040000000
245 #0 - TITLE STATEMENT
Title Waveform Design for 5G and beyond Systems
546 ## - LANGUAGE NOTE
Language note English[eng]
650 ## - SUBJECT ADDED ENTRY--TOPICAL TERM
Topical term or geographic name entry element multicarrier modulation||prototype filter design||frequency sampling methods||windowing based methods||optimization based methods||V2X||LDS-F-OFDM||LDS-UFMC||EVA channel model||multi-input-multi-output (MIMO)||space time block coding||physical layer security (PLS)||secrecy capacity||5G waveform||SC-FDMA||FBMC||Low PAPR FBMC (LP-FBMC)||access timing offset||carrier frequency offset||high-power amplifier (HPA) nonlinearity||software defined radio (SDR) device||uplink indoor channel||out-of-band (OOB) emission||space time codes||differential space time modulation||differential detection||pair-wise detection||maximum likelihood detection||n/a
700 ## - ADDED ENTRY--PERSONAL NAME
Personal name Choi, Kwonhue
856 ## - ELECTRONIC LOCATION AND ACCESS
Uniform Resource Identifier <a href="https://mdpi.com/books/pdfview/book/5134">https://mdpi.com/books/pdfview/book/5134</a>
942 ## - ADDED ENTRY ELEMENTS (KOHA)
Koha item type E-Books
Holdings
Withdrawn status Lost status Damaged status Not for loan Home library Current library Date acquired Total Checkouts Date last seen Price effective from Koha item type
        Kerala University of Digital Sciences, Innovation and Technology Knowledge Centre Kerala University of Digital Sciences, Innovation and Technology Knowledge Centre 15/06/2022   15/06/2022 15/06/2022 E-Books